BIBLIOTECA

SENCICO

Cálculo práctico del hormigón armado (Registro nro. 1853)

Detalles MARC
000 -LEADER
fixed length control field 00622nam a2200181Ia 4500
005 - DATE AND TIME OF LATEST TRANSACTION
control field 20251020182524.0
008 - FIXED-LENGTH DATA ELEMENTS--GENERAL INFORMATION
fixed length control field 200515s9999 xx 000 0 und d
082 ## - DEWEY DECIMAL CLASSIFICATION NUMBER
Classification number 691.328/A76
100 ## - MAIN ENTRY--PERSONAL NAME
Personal name ARQUERO, Francisco
245 #0 - TITLE STATEMENT
Title Cálculo práctico del hormigón armado
260 ## - PUBLICATION, DISTRIBUTION, ETC.
Place of publication, distribution, etc. Barcelona
260 ## - PUBLICATION, DISTRIBUTION, ETC.
Date of publication, distribution, etc. 1980
500 ## - GENERAL NOTE
General note 1 ejemplar
520 ## - SUMMARY, ETC.
Summary, etc. Los capítulos I a XV, permitirán calcular analíticamente los elementos rectos del hormigón armado, que forman partes de las estructuras reticulares, pero separados de éstas, calculándolas independientemente
650 ## - SUBJECT ADDED ENTRY--TOPICAL TERM
Topical term or geographic name entry element CONCRETO
650 ## - SUBJECT ADDED ENTRY--TOPICAL TERM
Topical term or geographic name entry element LIB
942 ## - ADDED ENTRY ELEMENTS (KOHA)
Koha item type Libros
Existencias
Fecha de la última vez que lo usaron Pago total Signatura topográfica completa Código de barras Precio efectivo desde Tipo de documento Estado perdido Estado dañado No es para préstamo Retirado Ubicación permanente Ubicación actual Fecha de adquisición
15/05/2020   691.328/A76 Bib-Lima15051853 15/05/2020 Libros         Biblioteca Central Lima Biblioteca Central Lima 15/05/2020